Os animais da savana (Registo nº 4446)

Detalhes MARC
000 -Etiqueta do registo
Cabeçalho 00820nam0a2200289 4500
005 - Identificador da versão
Campo de controlo 20240813122101.0
010 ## - Número internacional normalizado dos livros (ISBN)
Número (ISBN) 2215083654
021 ## - Número do Depósito Legal
Código do país PT
100 ## - Dados gerais de processamento
Dados gerais de processamento 20120229d2005 c y0pory5003 ba
102 ## - Pais de publicação ou produção
País de publicação Portugal
101 1# - Língua de publicação
Língua do texto, banda sonora, etc. Português
Língua do documento no original Francês
106 ## - Campo de dados codificados: material textual
Dados codificados do material textual r
105 ## - Campo de dados codificados: livros
Dados codificados dos livros a z 001yy
215 ## - Descrição física 
Indicação específica da natureza do documento e extensão da espécie p.
Dimensões cm
200 1# - Titulo e menção de responsabilidade
Título próprio Os animais da savana
Primeira menção de responsabilidade Émile Beaumont
Outras menções de responsabilidade il. Christelle Desmoinaux
-- trad. Isabel Saavedra
225 1# - Colecção 
Título próprio da colecção pequeno dicionário por imagens
205 ## - Menção da edição
Menção da edição 1ª ed
210 ## - Publicação, Distribuição, etc. 
Lugar da edição, distribuição, etc. Lisboa
Nome do editor, distribuidor, etc. Fleurus
Data da publicação, distribuição, etc. 2005
304 ## - Notas relativas a título e menção de responsabilidade 
Texto da nota Tít. orig.: La petite imagerie - Les animaux de la savane
702 #1 - Nome de autor-pessoa física (responsabilidade secundária)
Número de registo de entrada de autoridade 0001287
Palavra de ordem Saavedra
Outra parte do nome não tomada para palavra de ordem Isabel
Código de função Tradutor
701 #1 - Nome de autor-pessoa física (co-responsabilidade principal)
Palavra de ordem Desmoinaux
Outra parte do nome não tomada para palavra de ordem Christelle
Código de função Ilustrador / Técnico de desenho computorizado
700 #1 - Nome de autor-pessoa física (responsabilidade principal)
Número de registo de entrada de autoridade 0001285
Palavra de ordem Beaumont
Outra parte do nome não tomada para palavra de ordem Émile
966 ## - Identificação da Biblioteca
Sigla EBVendas
942 ## - Elementos de entrada adicionados (Koha)
Tipo de item no Koha Livro
Exemplares
Situação do levantamento Origin of item (home branch) (coded) Biblioteca de empréstimo Código de barras Cota Circulation type (not for loan) Tipo de documento Nota do exemplar Damaged status
  Biblioteca Escolar das Vendas Biblioteca Escolar das Vendas BEV1643 | 2005 5ZOO HUB   Livro Sem mensagem